000 00677nam a22002057a 4500
003 0
005 20250905150658.0
008 250905b xxu||||| |||| 00| 0 eng d
020 _a979-8-89161-601-1
050 _aGV 711.5
_b.W37 2025
100 _aWard, Larry,
_eauthor.
245 _aResearch in physical education /
_cLarry Ward.
260 _aJersey City, USA :
_bAlexis Press,
_c2025.
300 _ax, 319 pages ;
_c27 cm.
504 _aIncludes bibliographical references and index.
650 _aPhysical education and training
_xResearch.
650 _aPhysical education and training
_xStudy and teaching.
650 _aSports sciences
_xResearch.
942 _2lcc
_cBK
999 _c367784
_d367784